000 00570nam a2200181Ia 4500
005 20250508151430.0
008 008 250505s9999 xx 000 0 eng d
037 _aTextual
040 _aFEDL
_beng
_cFEDL
041 _aeng
_2eng
084 _a370.973, USF
_qFEDL
245 0 _aBridging the gap between school and college : A progress report on four related projects supported by the fund for the advancement of education
260 _c1953
300 _a127p.
650 _aEducation
942 _cTEXL
_h370.973, USF
999 _c1329743
_d1329743